Systems Analysis and Simulation 1980 - 1 Proceedings of the International Symposium held at Berlin (GDR), September 1.-5. 1980

Guardado en:
Detalles Bibliográficos
Formato: Libro
Lenguaje:inglés
Publicado: Berlin Akademie 1980
Etiquetas: Agregar Etiqueta
Sin Etiquetas, Sea el primero en etiquetar este registro!

MARC

LEADER 00000nam a2200000 4500
001 c141937
005 20221220102753.0
041 0 |a eng 
044 |a DE 
245 1 0 |a Systems Analysis and Simulation 1980 - 1  |b Proceedings of the International Symposium held at Berlin (GDR), September 1.-5. 1980 
264 1 |a Berlin  |b Akademie  |c 1980 
300 |a 496 s.